00591nam a2200181 a 450000500170000000800410001702000140005805000270007210000160009924500480011526000360016330000220019952100080022165000170022994200170024699900170026395201290028020140311163007.0041023s19uu xx 00 eng d a817021548 aRM 723.A27b.G977 2002 aGupta, R.P. aAcupressure (heal yourself) . /cR.P. Gupta aDelhi :bHealth Harmony,c2002. a163 p. :c22 cm.  aNUR aAcupressure. cBK2lcckFOR c39332d39332 00102lcc40aCLbCLcGCd2004-10-23eF & Jg302.00l0oRM 723.A27 .G977 2002pC5430r2018-05-15 00:00:00t1w2013-10-10yBK